Statistics for Generator Puzzle #19

Click here to take the quiz!

General Stats

  • This quiz has been taken 348 times
  • The average score is 15 of 21

Answer Stats

Hint Answer % Correct
Throw out of schoolExpel
94%
King of Rock 'n' RollElvis
94%
Mexican currencyPeso
92%
Take a long napSleep
89%
Popeye's girlfriendOlive
84%
Bride's face concealerVeil
84%
Run away and marryElope
83%
Trip up (on ice, eg.)Slip
79%
Banishment from one's countryExile
78%
Pamper a childSpoil
78%
Dot on a display screenPixel
76%
Thpeak like thithLisp
76%
Reveal, lay bareExpose
73%
Arwen and Legolas, eg.Elves
65%
Figure outSolve
58%
Strainer, sifterSieve
57%
Foul, nastyVile
55%
9-Letter WordEXPLOSIVE
54%
Grace, balancePoise
46%
Annoy, infuriateVex
40%
Brined salmonLox
39%

Score Distribution

Percentile by Number Answered

Percent of People with Each Score

Your Score History

You have not taken this quiz